Các khoa học về trái đất = Vietnam Journal of earth sciences

Bewaard in:
Bibliografische gegevens
Formaat: Boek
Taal:Undetermined
Gepubliceerd in: Hà Nội Viện Khoa học và Công nghệ Việt Nam 2019
Onderwerpen:
Tags: Voeg label toe
Geen labels, Wees de eerste die dit record labelt!
Thư viện lưu trữ: Trung tâm Học liệu Trường Đại học Cần Thơ
LEADER 00607nam a2200181Ia 4500
001 CTU_234155
008 210402s9999 xx 000 0 und d
082 |a 500 
082 |b C101 
245 0 |a Các khoa học về trái đất = 
245 0 |b Vietnam Journal of earth sciences 
245 0 |c Viện Khoa học và Công nghệ Việt Nam 
260 |a Hà Nội 
260 |b Viện Khoa học và Công nghệ Việt Nam 
260 |c 2019 
650 |a Khoa học trái đất,Earth sciences 
904 |i T.Trang 
980 |a Trung tâm Học liệu Trường Đại học Cần Thơ